| 000 | 00852nam a22002297a 4500 | ||
|---|---|---|---|
| 999 |
_c19187 _d19187 |
||
| 003 | AR-CdUCM | ||
| 008 | 190507b ||||| |||| 00| 0 spa d | ||
| 040 |
_aMUNICIPALIDAD PROVINCIAL DEL CUSCO _cBIBLIOTECA MUNICIPAL DEL CUSCO |
||
| 082 |
_a868.67 / _bJ55 |
||
| 100 |
_aJiménez, Juan Ramón _912934 |
||
| 245 |
_aPajinas escojidas : _bVerso / |
||
| 260 |
_aMadrid : _bEdit. Gredos, _c1958. |
||
| 300 |
_a261 páginas ; _c20 cm. |
||
| 440 |
_aBiblioteca románica hispánica _920948 |
||
| 505 | _aContenido : Nota preliminar -- Platero y yo -- Entes y sombras de infancia y juventud -- Colina del alto Chopo (1915-1920). Soledad madrileña y aforismo ... | ||
| 650 |
_aPoesías _914363 |
||
| 650 |
_aPoemas mágicos _937005 |
||
| 650 |
_aVersos _92209 |
||
| 650 |
_aLiteratura europea _9894 |
||
| 942 |
_2ddc _cLIBROS |
||
| 945 |
_arah _d2019-05-16 |
||